They all fall down / Roxanne St. Claire.
Available copies
- 2 of 2 copies available at LARL/NWRL Consortium.
- 2 of 2 copies available at Lake Agassiz Regional Library. (Show preferred library)
Current holds
0 current holds with 2 total copies.
Show Only Available Copies
| Location | Call Number / Copy Notes | Barcode | Shelving Location | Status | Due Date |
|---|---|---|---|---|---|
| Crookston Public Library | Y STC (Text) | 33500011769668 | Main | Available | - |
| Moorhead Public Library | Y STC (Text) | 33500011769650 | Main | Available | - |
Record details
- ISBN: 9780385742719 (hc : alk. paper)
- ISBN: 0385742711 (hc : alk. paper)
- ISBN: 9780375990724 (glb : alk. paper)
- ISBN: 0375990720 (glb : alk. paper)
- Physical Description: pages cm
- Edition: First edition.
- Publisher: New York : Delacorte Press, 2014
Content descriptions
| Summary, etc.: | Kenzie's life is transformed when she is voted one ... Read More |
Search for related items by subject
| Subject: | Popularity > Fiction. Beauty, Personal > Fiction. Murder > Fiction. High schools > Fiction. Schools > Fiction. Beauty, Personal > Fiction. Beauty, Personal. |
| Genre: | Fiction. |
| LDR | 01906cam a22004938i 4500 | ||
|---|---|---|---|
| 001 | 170287 | ||
| 003 | LARL_NWRL_CONSORTIUM | ||
| 005 | 20140918114000.0 | ||
| 008 | 131025s2014 nyu d 000 1 eng | ||
| 010 | . | ‡a2013038933 | |
| 020 | . | ‡a9780385742719 (hc : alk. paper) | |
| 020 | . | ‡a0385742711 (hc : alk. paper) | |
| 020 | . | ‡a9780375990724 (glb : alk. paper) | |
| 020 | . | ‡a0375990720 (glb : alk. paper) | |
| 020 | . | ‡z9780307977007 (ebook : alk. paper) | |
| 035 | . | ‡a(OCoLC)861744788 | |
| 040 | . | ‡aDLC ‡beng ‡erda ‡cDLC ‡dYDXCP ‡dBDX ‡dTXBXL ‡dOCLCO ‡dOCLCF | |
| 042 | . | ‡alcac ‡apcc | |
| 050 | 0 | 0. | ‡aPZ7.S774315 ‡bTh 2014 |
| 082 | 0 | 0. | ‡a[Fic] ‡223 |
| 100 | 1 | . | ‡aSt. Claire, Roxanne. ‡0(LARL_NWRL_CONSORTIUM)192177 |
| 245 | 1 | 0. | ‡aThey all fall down / ‡cRoxanne St. Claire. |
| 250 | . | ‡aFirst edition. | |
| 260 | . | ‡aNew York : ‡bDelacorte Press, ‡c2014 | |
| 300 | . | ‡apages cm | |
| 336 | . | ‡atext ‡2rdacontent | |
| 337 | . | ‡aunmediated ‡2rdamedia | |
| 338 | . | ‡avolume ‡2rdacarrier | |
| 520 | . | ‡aKenzie's life is transformed when she is voted one of the prettiest girls at Vienna High, but when the girls on the list start to die, Kenzie is determined to uncover the deadly secrets of the list before her number is up. | |
| 650 | 1. | ‡aPopularity ‡vFiction. ‡0(LARL_NWRL_CONSORTIUM)174437 | |
| 650 | 1. | ‡aBeauty, Personal ‡vFiction. ‡0(LARL_NWRL_CONSORTIUM)163729 | |
| 650 | 1. | ‡aMurder ‡vFiction. ‡0(LARL_NWRL_CONSORTIUM)165989 | |
| 650 | 1. | ‡aHigh schools ‡vFiction. ‡0(LARL_NWRL_CONSORTIUM)169592 | |
| 650 | 1. | ‡aSchools ‡vFiction. ‡0(LARL_NWRL_CONSORTIUM)167222 | |
| 650 | 0. | ‡aBeauty, Personal ‡vFiction. ‡0(LARL_NWRL_CONSORTIUM)163729 | |
| 650 | 7. | ‡aBeauty, Personal. ‡2fast ‡0(LARL_NWRL_CONSORTIUM)14767 | |
| 655 | 7. | ‡aFiction. ‡2fast | |
| 948 | . | ‡hNO HOLDINGS IN LAL - 17 OTHER HOLDINGS | |
| 994 | . | ‡aZ0 ‡bLAL | |
| 901 | . | ‡a170287 ‡bOCLC ‡c170287 ‡tbiblio | |

Add to basket
Permalink
Disable Highlighting